000 00516nam a2200169Ia 4500
001 31668
003 IN-NITTTR
005 20251114233423.0
008 251113s9999||||xx |||||||||||||| ||eng||
040 _beng
040 _cIN-NITTTR
041 _aeng
082 _a612.820285 G151B
100 _aGandhi, Vaibhav
245 0 _aBrain-computer interfacing for assistive robotics :
_b electroencephalograms, recurrent quantum neural networks and user-centric graphical interface /
_cGandhi, Vaibhav
942 _2ddc
_cBK
999 _c34298
_d34298